Estudio para la instalación y funcionamiento de tres plantas procesadoras de frutas
Gardado en:
| Autor Principal: | |
|---|---|
| Outros autores: | , |
| Formato: | Libro |
| Publicado: |
[San José , Costa Rica]
1985
|
| Etiquetas: |
Engadir etiqueta
Sen Etiquetas, Sexa o primeiro en etiquetar este rexistro!
|
MARC
| LEADER | 00000nam a2200000Ia 4500 | ||
|---|---|---|---|
| 003 | 002823 | ||
| 005 | 20221231144405.0 | ||
| 008 | 140114s1985 cr a m 000 ||s d | ||
| 040 | |c cru CEDI | ||
| 090 | |a TFG 1658 | ||
| 100 | |a Castillo Rojas, Franklin |9 14291 | ||
| 245 | |a Estudio para la instalación y funcionamiento de tres plantas procesadoras de frutas | ||
| 260 | |c 1985 |a [San José , Costa Rica] | ||
| 300 | |a 177 hojas :ilustraciones | ||
| 500 | |a Proyecto de graduación (bachiller en ingeniería industrial)--Universidad de Costa Rica. Facultad de Ingeniería. Escuela de Ingeniería Industrial | ||
| 700 | |9 14643 |a Muñoz Monge, Rigoberto | ||
| 700 | |9 14644 |a Quesada Maroto, Alvaro | ||
| 942 | |c TFG | ||
| 999 | |c 21165 |d 21165 | ||
